• 首页
  • 本馆介绍
  • 公告通知
  • 最新文献
  • 馆藏检索
  • 电子资源
  • 读者导购
  • 参考咨询
  • 我的图书馆
  • 登录
  • 详细信息显示
  • 放入我的书架
  • 预约/预借图书
  • 作者相关作品
  • 分类相关作品
  • 丛书相关作品
  • 出版社相关作品

书目信息

  • 表格格式
  • 工作单格式
  • 卡片格式
题名:
了不起的博物馆
    
 
作者: 河森堡 编著 ;鼹鼠世界制作组 编著
分册:  
出版信息: 北京   中信出版集团股份有限公司  2019.05
页数: 15, 354页
开本: 21cm
丛书名:
单 册:
中图分类: G269.1
科图分类:
主题词: 博物馆--bo wu guan--介绍--世界
电子资源:
ISBN: 978-7-5217-0279-8
000 00995nam0 2200253 450
001 0109110034
005 20201109110332.0
010    @a978-7-5217-0279-8@dCNY68.00
100    @a20190612e20202019em y0chiy50 ea
101 0  @achi
102    @aCN@b110000
105    @aa z 000yy
106    @ar
200 1  @a了不起的博物馆@Aliao bu qi de bo wu guan@e河森堡带你逛全世界超好玩的博物馆@f河森堡, 鼹鼠世界制作组编著
210    @a北京@c中信出版集团股份有限公司@d2019.05@h2020.04
215    @a15, 354页@c图, 彩照@d21cm
330    @a本书由中国国家博物馆讲解员河森堡,带领读者一起探寻世界上27座极具代表性且富有特色的博物馆,通过其中展示的藏品去了解那些已经消失却曾经璀璨的人类文明,让我们可以有更多的视角去看待文物、看待历史。
510 1  @aGreat museum@zeng
606 0  @a博物馆@Abo wu guan@x介绍@y世界
690    @aG269.1@v5
701  0 @a河森堡@Ahe sen bao@4编著
711 02 @a鼹鼠世界制作组@Ayan shu shi jie zhi zuo zu@4编著
801  0 @aCN@bBJSZM@c20201103
905    @b1264591-5@dG269.1@e27@f5
    
    了不起的博物馆:河森堡带你逛全世界超好玩的博物馆/河森堡, 鼹鼠世界制作组编著.-北京:中信出版集团股份有限公司,2019.05(2020.04)
    15, 354页:图, 彩照;21cm
    
    
    ISBN 978-7-5217-0279-8:CNY68.00
    本书由中国国家博物馆讲解员河森堡,带领读者一起探寻世界上27座极具代表性且富有特色的博物馆,通过其中展示的藏品去了解那些已经消失却曾经璀璨的人类文明,让我们可以有更多的视角去看待文物、看待历史。
●
相关链接 在E读中查询图书 在五车中查询图书 在当当中查询图书 在豆瓣中查询图书


正题名:了不起的博物馆     索取号:G269.1/27         预约/预借

序号 登录号 条形码 馆藏地/架位号 状态 备注
1 1264591   212645912   第一样本阅览室/ [索取号:G269.1/27] 在馆    
2 1264592   212645921   教育系资料室/ [索取号:G269.1/27] 在馆    
3 1264593   212645930   教育系资料室/ [索取号:G269.1/27] 在馆    
4 1264594   212645949   第四借阅区/ [索取号:G269.1/27] 在馆    
5 1264595   212645958   第四借阅区/ [索取号:G269.1/27] 在馆    
唐山师范学院图书馆 欢迎您!
大连网信软件有限公司© 版权所有